| 000 | 00333nam a2200133Ia 4500 | ||
|---|---|---|---|
| 008 | 230312s9999||||xx |||||||||||||| ||und|| | ||
| 082 |
_a005.74 _bINT |
||
| 245 | 0 | _aIntroduction to Oracel : SQL and PL/SQL | |
| 260 | _bORACLE | ||
| 300 | _a300 | ||
| 546 | _aEng. | ||
| 650 |
_aComputer _vIntroduction , Writing Basic SQL |
||
| 942 | _cBK | ||
| 999 |
_c2996 _d2996 |
||